00361nam a22001211a 4500003000600000005001700006008004100023100003200064245005800096260005400154300001000208650002100218NEGST20170718020003.0030611s1974 001 0 eng d1 aLikimani, Muthoni Gachanja.10aThey shall be chastised /cMuthoni Gachanja Likimani. aNairobi :bEast African Literature Bureau,c1974. a233p. 0aMissionsxKenya.